Top 5 belgian towns containing each letter Quiz Stats

Quiz not verified by Sporcle

Challenge
Share
Tweet
Embed
Score 0/130 Timer 12:00
0 Plays Today
Letter City % Correct
BBrussel
100%
EBrussel
100%
LBrussel
100%
RBrussel
100%
SBrussel
100%
UBrussel
100%
AAntwerpen
96.4%
EAntwerpen
96.4%
NAntwerpen
96.4%
PAntwerpen
96.4%
RAntwerpen
96.4%
TAntwerpen
96.4%
WAntwerpen
96.4%
EGent
92.2%
GGent
92.2%
NGent
92.2%
TGent
92.2%
BBrugge
90%
GBrugge
90%
RBrugge
90%
UBrugge
90%
ELiège
88%
GLiège
88%
ILiège
88%
LLiège
88%
ACharleroi
84%
CCharleroi
84%
ECharleroi
84%
HCharleroi
84%
ICharleroi
84%
LCharleroi
84%
OCharleroi
84%
RCharleroi
84%
DOostende
72.7%
OOostende
72.7%
ANamur
68.5%
MNamur
68.5%
NNamur
68.5%
RNamur
68.5%
UNamur
68.5%
GGenk
67.7%
KGenk
67.7%
LLeuven
66.9%
NLeuven
66.9%
Letter City % Correct
ULeuven
66.9%
VLeuven
66.9%
MMons
62.3%
NMons
62.3%
OMons
62.3%
SMons
62.3%
CMechelen
61.7%
HMechelen
61.7%
LMechelen
61.7%
MMechelen
61.7%
IKortrijk
56.9%
JKortrijk
56.9%
KKortrijk
56.9%
OKortrijk
56.9%
TKortrijk
56.9%
HHasselt
51.1%
SHasselt
51.1%
THasselt
51.1%
AAalst
46.1%
SAalst
46.1%
TAalst
46.1%
ISint-Niklaas
44.1%
KSint-Niklaas
44.1%
SSint-Niklaas
44.1%
PIeper
42.1%
ALa Louvière
38.1%
ILa Louvière
38.1%
OLa Louvière
38.1%
ULa Louvière
38.1%
VLa Louvière
38.1%
WWaregem
35.3%
HTurnhout
34.3%
WWavre
34.1%
DDendermonde
33.5%
MDendermonde
33.5%
CMouscron
32.7%
MMouscron
32.7%
KLokeren
31.7%
BBeveren
29.1%
VBeveren
29.1%
DVilvoorde
27.3%
VVilvoorde
27.3%
VVerviers
27.1%
GSeraing
21.6%
Letter City % Correct
YHuy
19.6%
ZZaventem
18%
DHeist-op-den-Berg
17.6%
HHeist-op-den-Berg
17.6%
PHeist-op-den-Berg
17.6%
CMaasmechelen
16.4%
BBeringen
13.8%
WWevelgem
13%
CBrasschaat
12%
ZDeinze
11.2%
ZHeusden-Zolder
11%
BDilbeek
10.4%
DDilbeek
10.4%
KDilbeek
10.4%
JKoksijde
7.2%
ZIzegem
6%
XRixensart
5.8%
ZBilzen
5.8%
FFlémalle
5.4%
JOverijse
5.4%
YCiney
5.4%
PKapellen
4.8%
XGembloux
4.8%
PSint-Pieters-Leeuw
3.6%
WSint-Pieters-Leeuw
3.6%
QQuévy
3.4%
QQuaregnon
3.2%
FFleurus
3%
YAmay
2.6%
FChaudfontaine
2.2%
FFrameries
2.2%
JNijlen
2.2%
YOupeye
1.6%
JSint-Katelijne-Waver
1.4%
QRebecq
1%
XTheux
1%
YBlegny
1%
QFontaine-l'Évêque
0.8%
FColfontaine
0.6%
QErquelinnes
0.6%
XEsneux
0.6%
XChaumont-Gistoux
0.6%

You're not logged in!

Compare scores with friends on all Sporcle quizzes.
Sign Up with Email
OR
Log In

You Might Also Like...

Show Comments

Extras

Top Quizzes Today


Score Distribution

Your Account Isn't Verified!

In order to create a playlist on Sporcle, you need to verify the email address you used during registration. Go to your Sporcle Settings to finish the process.